000 00374nam a22001457a 4500
005 20160106112259.0
008 160106b xxu||||| |||| 00| 0 eng d
040 _cPK-LaUMT
082 _aMMC 954.9
_bJAM-P
100 _aJameel Jalibi
245 _aPakistan the indentity of culture
_cJameel Jalibi
260 _aKarachi
_bRoyal book
_c1984
300 _a213 p.
942 _cBK
999 _c81195
_d81195